000 00502nam a2200181Ia 4500
005 20250923144845.0
008 008 250917s9999 xx 000 0 eng d
037 _aTextual
040 _aDSWL
_beng
_cDSWL
041 _aeng
_2eng
084 _az6591, J4
_qDSWL
100 _aLewis, Roy
_9829134
245 0 _aSierra Leone: A modern portrait
_cby Roy Lewis
260 _aLondon
_bHMSO
_c1954
300 _a263p.
942 _cTEXL
_hz6591, J4
999 _c1444230
_d1444230